000 00811nab a2200241 u 4500
001 17581
003 HDC
007 cr bn ---aaaaa
008 210224b2011mmddmy d||ne |||| 00| 0 eng d
040 _aHDC
245 0 _aNumber Of Companies From Sabah Registered With Matrade Still Low - Mukhriz
_c/ Malaysia SME
260 _aMalaysia:
_bMALAYSIA SME,
_c2011
300 _a1 online resource
336 _atext
_2rdacontent
337 _acomputer
_2rdamedia
338 _aonline resource
_2rdacarrier
650 _aBusiness enterprise
_916899
710 _aMalaysia SME
856 _zRequest full-text at [email protected]
942 _2lcc
942 _cNEWS
942 _kNWSO 003959
999 _c14897
_d14897